Statistics for Groups of Countries 1 - 10

Click here to take the quiz!

General Stats

  • This quiz has been taken 361 times
  • The average score is 43 of 55

Answer Stats

Country % Correct
Sweden
96%
Finland
95%
Denmark
95%
Vatican City
95%
Norway
95%
Iceland
95%
San Marino
94%
Monaco
93%
Bosnia and Herzegovina
93%
Andorra
92%
Croatia
92%
Liechtenstein
92%
Serbia
91%
United States
91%
Kosovo
90%
Japan
90%
Montenegro
89%
Indonesia
89%
Macedonia
88%
Philippines
87%
Slovenia
87%
Sri Lanka
84%
Taiwan
84%
Malta
84%
Luxembourg
83%
Singapore
79%
Central African Republic
78%
Uganda
78%
Republic of the Congo
78%
Samoa
77%
Rwanda
76%
Mexico
76%
Maldives
76%
Brunei
76%
Poland
75%
Angola
75%
Zambia
75%
Tonga
74%
East Timor
72%
Burundi
72%
Tanzania
70%
South Sudan
70%
Tuvalu
69%
Saint Lucia
67%
Saint Vincent and the Grenadines
66%
Saint Kitts and Nevis
66%
Antigua and Barbuda
65%
Trinidad and Tobago
65%
Grenada
63%
Barbados
63%
Dominica
59%
Bahrain
58%
New Zealand
54%
Liberia
35%
Myanmar
29%

Score Distribution

Percentile by Number Answered

Percent of People with Each Score

Your Score History

You have not taken this quiz